Nomadic diplomacy, destruction and religion from the Pacific to the Adriatic : papers prepared for the Central and Inner Asian Seminar, University of Toronto, 1992-93 /

Saved in:
Bibliographic Details
Corporate Authors: Central and Inner Asian Seminar University of Toronto), Joint Centre for Asia Pacific Studies.
Other Authors: Gervers, Michael, 1942-, Schlepp, Wayne, 1931-
Format: Book
Language:English
Published: Toronto : Joint Centre for Asia Pacific Studies, 1994.
Series:Toronto studies in Central and inner Asia ; no. 1.
Subjects:
Tags: Add Tag
No Tags, Be the first to tag this record!
LEADER 01769nam a22003857a 4500
001 007367677-2
005 20020606163548.3
008 950413s1994 onc b 100 0 eng d
010 |a cn 95022064  
015 |a C95-22064-7 
020 |a 1895296110 :  |c $12.00 
035 0 |a ocm35885378 
035 0 |a ocm35885378  |z ocm35581288 
040 |a NLC  |b eng  |c NLC  |d TEF  |d HLS 
043 |a a------ 
055 0 1 |a DS33.5 
055 0 0 |a DS33 .5  |b C45 1994 
082 0 |a 950  |2 20 
090 |a GN387  |b .C46 1992 
111 2 |a Central and Inner Asian Seminar  |d (1992-1993 :  |c University of Toronto) 
245 1 0 |a Nomadic diplomacy, destruction and religion from the Pacific to the Adriatic :  |b papers prepared for the Central and Inner Asian Seminar, University of Toronto, 1992-93 /  |c edited by Michael Gervers and Wayne Schlepp. 
260 |a Toronto :  |b Joint Centre for Asia Pacific Studies,  |c 1994. 
300 |a 78 p. ;  |c 23 cm. 
490 1 |a Toronto studies in Central and inner Asia ;  |v no. 1 
504 |a Includes bibliographical references. 
505 0 |a The spread of world religions in medieval nomadic societies of the Eurasian steppes / Anatoly M. Khazanov -- "Spurred on by the fear of death" : refugees and displaced populations during the Mongol invasion of Hungary / James Ross Sweeney -- Two cultural brokers of medieval Eurasia : Bolad Aqa and Marco Polo / Thomas T. Allsen. 
650 0 |a Nomads  |z Asia, Central  |v Congresses. 
650 0 |a Pastoral systems  |z Asia, Central  |v Congresses. 
650 0 |a Mongols  |x History  |v Congresses. 
700 1 |a Gervers, Michael,  |d 1942- 
700 1 |a Schlepp, Wayne,  |d 1931- 
710 2 |a Joint Centre for Asia Pacific Studies. 
830 0 |a Toronto studies in Central and inner Asia ;  |v no. 1. 
988 |a 20020608 
906 |0 OCLC